| 000 | 00949nam a2200289 i 4500 | ||
|---|---|---|---|
| 001 | 10356 | ||
| 003 | ES-MaACL | ||
| 005 | 20250911062632.0 | ||
| 007 | t| | ||
| 008 | 950524s1994 sp ||||1| spa d | ||
| 020 | _a84-233-2415-X | ||
| 080 | _a92 Mozart | ||
| 080 | _a82.0(73)-312.6"19" | ||
| 080 | _a82.0(73)(Landon,H.C.R.7 M.03=6) | ||
| 100 | 1 |
_aLandon, H. C. Robbins. _969962 |
|
| 245 | 1 | 0 |
_aMozart, una jornada particular / _cH. C. Robbins Landon ; traducción de Javier Alfaya y Patrick Alfaya McShane. |
| 250 | _a[1a ed.]. | ||
| 260 |
_aBarcelona : _bDestino, _c1994. |
||
| 300 |
_a137 p. ; _c20 cm. |
||
| 490 | 1 |
_aAncora y delfín ; _v726 |
|
| 600 | 0 |
_aMozart, Wolfgang Amadeus, _d1756-1791- _xBiografías _9223460 |
|
| 700 | 1 |
_aAlfaya, Javier, _d1939-2018 _919827 |
|
| 700 | 1 |
_aAlfaya McShane, Patrick. _919829 |
|
| 830 | 0 | 0 |
_aÁncora y Delfín _v726 _9151298 |
| 852 |
_aES-MaACL _jL-17914 _bR.123911 |
||
| 999 |
_c10356 _d10356 |
||